All Paramore Songs - Statistics

General Stats
  • This quiz has been taken 1,153 times
  • The average score is 42 of 68
Answer Stats
Album Song % Correct
Misery Business
91%
Still Into You
85%
After Laughter Hard Times
82%
Ain't It Fun
81%
Crushcrushcrush
80%
The Only Exception
80%
All We Know Is Falling All We Know
79%
Brick By Boring Brick
79%
Emergency
77%
Ignorance
77%
Rose-Colored Boy
76%
That's What You Get
75%
All I Wanted
74%
Pressure
74%
Fake Happy
73%
Playing God
73%
Fences
72%
Monster
72%
Paramore Fast In My Car
71%
Pool
70%
26
69%
Brand New Eyes Careful
69%
Riot! For a Pessimist, I'm Pretty Optimistic
69%
Told You So
68%
Misguided Ghosts
67%
Now
67%
Franklin
66%
Hallelujah
65%
My Heart
65%
When It Rains
64%
Interlude: I'm Not Angry Anymore
63%
Part II
63%
Caught In the Middle
62%
Let the Flames Begin
62%
(One of Those) Crazy Girls
62%
Anklebiters
61%
Future
61%
Interlude: Holiday
60%
Conspiracy
58%
Grow Up
58%
Interlude: Moving On
58%
Born For This
57%
Hate To See Your Heart Break
56%
Idle Worship
56%
Last Hope
56%
Daydreaming
55%
Grudges
55%
Tell Me How
54%
Turn It Off
54%
Where the Lines Overlap
54%
Forgiveness
53%
No Friend
53%
We Are Broken
53%
Looking Up
52%
Brighter
51%
Whoa
51%
Feeling Sorry
50%
Miracle
50%
Renegade
50%
Proof
49%
Here We Go Again
48%
In the Mourning
48%
Native Tongue
48%
Be Alone
47%
Paramore Bonus Tracks Escape Route
45%
Singles Hello Cold World
44%
Never Let This Go
43%
Tell Me It's Okay
36%
No matching quizzes found
Score Distribution
Percent of People with Each Score
Percentile by Number Answered
Your Score History
You have not taken this quiz